00959ncm a22002295a 4500001001100000005001700011008004100028080002000069100004900089245008900138254002300227260004500250300003300295490005700328500002400385500011600409500002600525650003100551852001100582952011900593999001700712C00011458c20241029143125.0950809s1891 ddrmtb n 1 ger d a785.74:787.1/.31 aMozart, Wolfgang Amadeus (d1756-1791)9127910aQuartett nº 3 Es-dur b: für 2 Violinen, Viola und Viloncell / cvon W.A. Mozart. a[Kleine Partitur]. aLeipzip : bErnst Eulenburg, c[d. 1891] aPartitura (22 p.) ; c19 cm.0 aPayne´s Kleine Partitur Ausgabe. Kammermusik ; v33 aN. pl. : E.E. 1133. aFecha de publicación tomada de "The new Grove dictionary of music and musicians", vol. 6, Stanley Sadie 1980. aLegado Pérez Casas.14aCuartetos de Cuerda.967384 jM-2371 001040708MUSICAaRABASFbRABASFcDP1d1995-08-10eDl0oM-2371p1012448r2024-10-15 09:09:36w2024-10-15yPARTA c11250d11250